TOP 50 IMDB TV Shows All-Time - Statistiques

Statistiques générales
  • Ce quiz a été pris 33 fois
  • Le résultat moyen est 4 sur 50
Statistiques - réponses
Rank ans Number of
Episodes
Average
Rating
Réponse % Correct
1 2008-2013 62 9,5 Breaking Bad
93%
13 2011-2019 74 9,2 Game Of Thrones
79%
26 2015-2022 63 9,0 Better Call Saul
46%
27 2005-2013 188 9,0 The Office
39%
5 2019 5 9,3 Chernobyl
36%
9 1999-2007 86 9,2 The Sopranos
36%
6 2002-2008 60 9,3 The Wire
36%
45 2014- 31 8,9 True Detective
21%
23 2010-2017 15 9,0 Sherlock
11%
25 2021-2024 18 9,0 Arcane
7%
20 2013-2023 98 9,1 Attack on Titan
7%
4 2001 10 9,4 Band of Brothers
7%
44 1998-1999 26 8,9 Cowboy Bebop
4%
37 2006-2007 37 8,9 Death Note
4%
47 2014-2024 51 8,8 Fargo
4%
3 2006 11 9,4 Planet Earth
4%
18 2013- 85 9,1 Rick and Morty
4%
43 2025- 16 8,9 The Pitt
4%
21 1959-1964 156 9,0 The Twilight Zone
4%
49 2009 6 9,0 Apocalypse: The Second World War
0%
39 2021- 67 9,0 As If
0%
7 2005-2008 62 9,3 Avatar: The Last Airbender
0%
24 1992-1995 85 9,0 Batman: The Animated Series
0%
8 2017 7 9,3 Blue Planet II
0%
14 2018-2024 195 9,3 Bluey
0%
29 2021- 33 9,0 Clarkson's Farm
0%
10 2014 13 9,2 Cosmos
0%
11 1980 13 9,3 Cosmos
0%
41 1989-1990 10 8,9 Dekalog
0%
35 2002-2003 14 8,9 Firefly
0%
31 2011-2012 10 9,0 Frozen Planet
0%
16 2009-2010 68 9,1 Fullmetal Alchelist: Brotherhood
0%
38 2012-2016 41 8,9 Gravity Falls
0%
32 2011 8 9,0 Human Planet
0%
33 2011-2014 148 9,0 Hunter x Hunter
0%
17 2009 11 9,1 Life
0%
46 2013-2017 32 8,9 Nathan for You
0%
34 1981-2003 64 9,0 Only Fools and Horses
0%
12 2019-2023 12 9,2 Our Planet
0%
2 2016 6 9,4 Planet Earth II
0%
48 2018-2024 22 9,0 Sahsiyet
0%
30 2020 10 9,2 Scam 1992: The Harshad Mehta Story
0%
40 1989-1998 172 8,9 Seinfeld
0%
50 2015- 182 9,0 Taskmaster
0%
42 2021 3 8,9 The Beatles: Get Back
0%
28 2001 8 9,0 The Blue Planet
0%
36 1990 9 9,0 The Civil War
0%
19 2020 10 9,0 The Last Dance
0%
22 2017 10 9,1 The Vietnam War
0%
15 1973-1974 26 9,2 The World at War
0%
Aucun quiz correspondant
Distribution des résultats
% des personnes avec chaque résultat
Percentile par nombre de réponses
Votre historique - résultats
Vous n’avez pas pris ce quiz